000 00606nam a2200217Ia 4500
005 20241129110008.0
008 241129s9999||||xx |||||||||||||| ||und||
020 _a978-1-83976-813-2
037 _aTB
040 _aARTS
_beng
_cARTS
041 _aeng
_2eng
084 _aVv R3
_qARTS
100 _aEley Geoff Au.
_9726785
245 0 _aHistory made conscious: politics of knowledge, politics of the past
_cEley Geoff Au.
260 _aLonodn, UK
_bVerso
_c2022
300 _axvi,317p.
365 _aUKP
_b22.99
650 _aHistoriography
942 _cTB
_hVv R3
999 _c1226916
_d1226916